000 01287cam a22003737a 4500
003 CHAP
005 20220329141730.0
008 971013s1975 r 00010 d
010 _a72971
011 _a73943
035 _a83501
040 _cCHAP
090 _aTesis
100 0 0 _aAlarcón Madrid, Hugo.
_93367
245 1 3 _aLa investigación y el crecimiento agrícola un enfoque regional
260 _aMéxico, D.F. :
_bEl autor,
_c1975
300 _a151 h.
502 _aTesis (Lic. en Economía) -- UNAM. Fac. de Economía
590 _aALEPH
_b10
_c20130110
_lUCH01
_h1415
590 _aBATCH-UPD
_b10
_c20130110
_lUCH01
_h0027
590 _aBATCH-UPD
_b10
_c20130110
_lUCH01
_h0447
590 _aBATCH-UPD
_b10
_c20130110
_lUCH01
_h2228
590 _aBATCH-UPD
_b10
_c20130409
_lUCH01
_h2009
590 _aBATCH-UPD
_b10
_c20130410
_lUCH01
_h1524
590 _aBATCH-UPD
_b10
_c20130913
_lUCH01
_h2057
590 _aBATCH-UPD
_b10
_c20130914
_lUCH01
_h2005
590 _aCONVERSION
_b10
_c20130109
_lUCH01
_h1340
650 1 4 _aAgricultura
_xAspectos economicos
_xChihuahua.
_91225
650 1 4 _aAgricultura
_xInvestigación
_xChihuahua.
_91598
650 1 4 _aChihuahua
_xCondiciones económicas.
_922293
901 _aBK
942 _cTESIS
949 _bBC
_cTES
_d-38093
_eTS1
_h17992
_i83501
_si
999 _c72971
_d72971